000 00447nam a22001697a 4500
003 MPLRDC
005 20220104125615.0
008 210129b ||||| |||| 00| 0 eng d
082 _a947.47 TZBEX-5 v.1
100 _a藤子不二雄原著
245 _a白金迷宫
_c
260 _a
_bEASTERN HONOUR S/B
_c
300 _b
490 _a神奇小叮当长篇杰作集. 1
650 _a哆拉A梦长篇漫画
942 _cBK
_o947.47 TZBEX-5 v.1
999 _c28713
_d28703